00549nam a22002177a 450000500170000001000110001702000100002803500110003803700160004904000120006508200130007710000210009024500730011126000430018427000130022730000230024050000200026365000160028365000110029970000210031020170124110158.0 a310798 c00.00 a310798 bCen Lib/Ret aDPLbEN a160bCAR aCarney, James D. aFundamentals of logic /cby James D. Carney [and] Richard K. Scheer  aNew YorkbThe macmillan company c1964 bNew York axv,474p.c21cm(Hb) aIncludes index  aPsychology  aLogic  aScheer, James D.